000 00703nam a2200253Ia 4500
003 OSt
005 20220918203411.0
006 a|||||r|||| 00| 0
007 ta
008 220917b |||||||| |||| 00| 0 eng d
024 _a108,036
037 _cTextual
040 _aARTS
_cARTS
_beng
041 _2eng
_aeng
082 _aV42:(Y12):N4, L6
100 _aMassey Joseph A
_9108388
245 0 _aYouth and politics in Japan
260 _aToronto
_bLexington Books
_c1976
300 _axix, 235p. tables
_ccm.
500 _aAppendix p195-210; Bibliography p211-226
650 _aHISTORY
942 _hV42:(Y12):N4, L6
_cTEXL
_2CC
999 _c231391
_d231391